000 00889nam a22002537a 4500
999 _c2109
_d2109
003 AR-CdUCM
008 190304b ||||| |||| 00| 0 spa d
020 _a84-281-0236-8
040 _aMUNICIPALIDAD PROVINCIAL DEL CUSCO
_cBIBLIOTECA MUNICIPAL DEL CUSCO
041 _hfre
082 _22ed.
_a373.391 /
_bG36
100 _aGeorge, Pierre
_97618
245 _aLos métodos de la geogrefía /
260 _aBarcelona :
_bOikos-tau,
_c1979.
300 _a122 páginas ;
_c18 cm.
440 _a¿qué sé?
_n96
_97619
505 _aContenido: Fuentes y documentos -- Los ámbitos y los problemas de la investigación geográfica -- ¿geográfia activa? -- ¿geográfia aplicada?
650 _aGeográfia física
_97620
650 _aGeográfia humana
_97621
650 _aCiencia-Geográfia
_97622
700 _aBas, Damiá de (traductor)
_97623
942 _2ddc
_cLIBROS
945 _azta